Исследование импульсных предпробивных токов в твердых диэлектриках; Пробой диэлектриков и полупроводников

Bibliografske podrobnosti
Parent link:Пробой диэлектриков и полупроводников.— 1964.— С. 127-130
Glavni avtor: Баранов А. В.
Jezik:ruščina
Izdano: 1964
Teme:
Format: Book Chapter
KOHA link:https://koha.lib.tpu.ru/cgi-bin/koha/opac-detail.pl?biblionumber=175305

MARC

LEADER 00000naa2a2200000 4500
001 175305
005 20231031165032.0
035 |a (RuTPU)RU\TPU\book\190078 
035 |a RU\TPU\tpu\4111 
090 |a 175305 
100 |a 20100211d1964 k y0rusy50 ca 
101 0 |a rus 
102 |a RU 
200 1 |a Исследование импульсных предпробивных токов в твердых диэлектриках  |f А. В. Баранов 
320 |a Библиогр.: 8 назв. 
463 0 |0 (RuTPU)RU\TPU\book\97092  |t Пробой диэлектриков и полупроводников  |o сборник докладов 4 Межвузовской конференции по пробою диэлектриков и полупроводников, г. томск, 11-16 февраля 1963 г.  |f под ред. А. А. Воробьева  |v С. 127-130  |d 1964  |p 364 с. 
610 1 |a электричество 
610 1 |a труды учёных ТПУ 
610 1 |a диэлектрики 
610 1 |a пробой 
700 1 |a Баранов  |b А. В. 
801 0 |a RU  |b 63413507  |c 20011210  |g PSBO 
801 2 |a RU  |b 63413507  |c 20100211  |g PSBO 
942 |c BK